<?xml version="1.0" encoding="UTF-8"?>
<collection xmlns="http://www.loc.gov/MARC21/slim">
 <record>
  <leader>01720pam a22003018a 4500</leader>
  <controlfield tag="001">00025764</controlfield>
  <controlfield tag="005">20171026081023.0</controlfield>
  <controlfield tag="008">110811s2007                  ||||||viesd</controlfield>
  <datafield tag="041" ind1="0" ind2="#">
   <subfield code="a">vie</subfield>
  </datafield>
  <datafield tag="082" ind1="1" ind2="4">
   <subfield code="a">372.35</subfield>
   <subfield code="b">T550NH</subfield>
  </datafield>
  <datafield tag="100" ind1="0" ind2="#">
   <subfield code="a">Lê Văn Trưởng</subfield>
   <subfield code="e">chủ biên</subfield>
  </datafield>
  <datafield tag="245" ind1="0" ind2="0">
   <subfield code="a">Tự nhiên xã hội và phương pháp dạy học tự nhiên xã hội</subfield>
   <subfield code="b">Tài liệu đào tạo giáo viên tiểu học, trình độ CĐ và ĐHSP</subfield>
   <subfield code="c">Lê Văn Trưởng... [và những người khác]</subfield>
   <subfield code="n">T.2</subfield>
  </datafield>
  <datafield tag="260" ind1="#" ind2="#">
   <subfield code="a">H.</subfield>
   <subfield code="b">GD</subfield>
   <subfield code="c">2007</subfield>
  </datafield>
  <datafield tag="300" ind1="#" ind2="#">
   <subfield code="a">224tr.</subfield>
   <subfield code="c">29cm.</subfield>
  </datafield>
  <datafield tag="500" ind1="#" ind2="#">
   <subfield code="a">ĐTTS ghi: Bộ Giáo dục và Đào tạo. Dự án Phát triển Giáo viên tiểu học</subfield>
  </datafield>
  <datafield tag="653" ind1="#" ind2="#">
   <subfield code="a">Tiểu học</subfield>
  </datafield>
  <datafield tag="653" ind1="#" ind2="#">
   <subfield code="a">Phương pháp giảng dạy</subfield>
  </datafield>
  <datafield tag="653" ind1="#" ind2="#">
   <subfield code="a">tự nhiên xã hội</subfield>
  </datafield>
  <datafield tag="700" ind1="0" ind2="#">
   <subfield code="a">Hoàng Thanh Hải</subfield>
  </datafield>
  <datafield tag="700" ind1="0" ind2="#">
   <subfield code="a">Lê Văn Trưởng</subfield>
  </datafield>
  <datafield tag="700" ind1="0" ind2="#">
   <subfield code="a">Nguyễn Song Hoan</subfield>
  </datafield>
  <datafield tag="700" ind1="0" ind2="#">
   <subfield code="a">Nguyễn Tuyết Nga</subfield>
  </datafield>
  <datafield tag="700" ind1="0" ind2="#">
   <subfield code="a">Nguyễn Văn Thoại</subfield>
  </datafield>
  <datafield tag="852" ind1="#" ind2="#">
   <subfield code="b">Kho giáo trình</subfield>
   <subfield code="j">KGT.0027343, KGT.0027344, KGT.0027345, KGT.0027346, KGT.0027347, KGT.0027348, KGT.0027349, KGT.0027350, KGT.0027351, KGT.0027352, KGT.0027353, KGT.0027354, KGT.0027355, KGT.0027356, KGT.0027357, KGT.0027358, KGT.0027359, KGT.0027360, KGT.0033133</subfield>
  </datafield>
  <datafield tag="852" ind1="#" ind2="#">
   <subfield code="b">Kho mượn</subfield>
   <subfield code="j">KGT.0027361</subfield>
  </datafield>
  <datafield tag="852" ind1="#" ind2="#">
   <subfield code="j">KGT.0027361</subfield>
   <subfield code="j">KGT.0027362</subfield>
   <subfield code="j">KGT.0027364</subfield>
   <subfield code="j">KGT.0027365</subfield>
   <subfield code="j">KGT.0027372</subfield>
   <subfield code="j">KGT.0027373</subfield>
   <subfield code="j">KGT.0027375</subfield>
   <subfield code="j">KGT.0027377</subfield>
   <subfield code="j">KGT.0027378</subfield>
   <subfield code="j">KGT.0027367</subfield>
   <subfield code="j">KGT.0027370</subfield>
   <subfield code="j">KGT.0033133</subfield>
   <subfield code="j">KGT.0027368</subfield>
   <subfield code="j">KGT.0027369</subfield>
   <subfield code="j">KGT.0027363</subfield>
   <subfield code="j">KGT.0027366</subfield>
   <subfield code="j">KGT.0027371</subfield>
   <subfield code="j">KGT.0027374</subfield>
   <subfield code="j">KGT.0027376</subfield>
  </datafield>
  <datafield tag="910" ind1=" " ind2=" ">
   <subfield code="d">11/08/2011</subfield>
  </datafield>
  <datafield tag="980" ind1="#" ind2="#">
   <subfield code="a">Trung tâm Học liệu Lê Vũ Hùng, Trường Đại học Đồng Tháp</subfield>
  </datafield>
 </record>
</collection>
